书目信息 |
| 题名: |
美国教育史
|
|
| 作者: | 克雷明 著 ;洪成文 译 | |
| 分册: | 二 建国初期的历程(1783~1876) | |
| 出版信息: | 北京 北京师范大学出版社 2002 |
|
| 页数: | 562页 | |
| 开本: | 20cm | |
| 丛书名: | ||
| 单 册: | ||
| 中图分类: | G571.29 | |
| 科图分类: | ||
| 主题词: | 教育史--美国--1783-1876 | |
| 电子资源: | ||
| ISBN: | 7-303-06258-0 | |
| 000 | 01000nam0 2200253 450 | |
| 001 | 1547425155 | |
| 005 | 20150201131043.12 | |
| 010 | @a7-303-06258-0@dCNY26.00 | |
| 100 | @a20030305d2002----emky0chiy0110----ea | |
| 101 | 1 | @achi@ceng |
| 102 | @aCN@b110000 | |
| 105 | @ay---z---000yd | |
| 200 | 1 | @a美国教育史@9mei guo jiao yu shi@h二@i建国初期的历程(1783~1876)@f(美)劳伦斯 A.克雷明著@g洪成文等译 |
| 210 | @a北京@c北京师范大学出版社@d2002 | |
| 215 | @a562页@d20cm | |
| 305 | @a美国新闻署授权出版 | |
| 330 | @a本书分为“神之王国”、“道德共和国”、“审慎的社会”、“美国式的教育”四部分,介绍了宗教分离主义的模式,共和国的人文教育,审慎的学习,教育机构等内容。 | |
| 512 | 1 | @a美国教育史@h2@i建国初期的历程@e1783~1876@9mei guo jiao yu shi |
| 606 | 0 | @a教育史@y美国@z1783-1876 |
| 690 | @aG571.29@v5 | |
| 701 | 1 | @c(美)@a克雷明@9ke lei ming@c(Cremin, Lawrence Arthur@f1925~1990)@4著 |
| 702 | 0 | @a洪成文@9hong cheng wen@f(1960~)@4译 |
| 801 | 0 | @aCN@bTSSF@c20150201 |
| 905 | @aZUCC@dG571.29@eJY1:2 | |
| 美国教育史.二.建国初期的历程(1783~1876)/(美)劳伦斯 A.克雷明著/洪成文等译.-北京:北京师范大学出版社,2002 |
| 562页;20cm |
| ISBN 7-303-06258-0:CNY26.00 |
| 本书分为“神之王国”、“道德共和国”、“审慎的社会”、“美国式的教育”四部分,介绍了宗教分离主义的模式,共和国的人文教育,审慎的学习,教育机构等内容。 |
| ● |
| 相关链接 |
|
|
|
|
正题名:美国教育史
索取号:G571.29/JY1:2
 
预约/预借
| 序号 | 登录号 | 条形码 | 馆藏地/架位号 | 状态 | 备注 |
| 1 | 7857556 | 278575560 | 学院路分馆/ [索取号:G571.29/JY1:2] | 在馆 |